Central Library and Information Centre
Sibsagar Girls' College, Sivasagar : Assam

WORKERS PARTICIPATION IN PUBLIC ENTER PRISES (Record no. 13377)

MARC details
000 -LEADER
fixed length control field 00414cam a2200169ua 4500
008 - FIXED-LENGTH DATA ELEMENTS--GENERAL INFORMATION
fixed length control field 141204n1992 II |||gr||||Z||||||eng
040 ## - CATALOGING SOURCE
Original cataloging agency MAIN
041 ## - LANGUAGE CODE
-- English
082 ## - DEWEY DECIMAL CLASSIFICATION NUMBER
Classification number 338.74 SOM
100 ## - MAIN ENTRY--PERSONAL NAME
Personal name SOM , S.P.S .
245 ## - TITLE STATEMENT
Title WORKERS PARTICIPATION IN PUBLIC ENTER PRISES
250 ## - EDITION STATEMENT
Edition statement 1ST.
260 ## - PUBLICATION, DISTRIBUTION, ETC.
Place of publication, distribution, etc. NEW DELHI
Name of publisher, distributor, etc. DEEP & DEEP PUBLICATION
Date of publication, distribution, etc. 1992
300 ## - PHYSICAL DESCRIPTION
Extent 334.:
Dimensions 22CM.
942 ## - ADDED ENTRY ELEMENTS (KOHA)
Koha item type Books
Holdings
Withdrawn status Lost status Damaged status Not for loan Collection code Home library Current library Shelving location Date acquired Full call number Barcode Date last seen Copy number Price effective from Koha item type Public note
        TBPSC Central Library and Information Centre Sibsagar Girls College Central Library and Information Centre Sibsagar Girls College POLITICAL SC BOOK RACK 08.04.2007 338.74 SOM 22402 27.02.2020 1 27.02.2020 Books V


Sibsagar Girl's College © 2020. All rights reserved.
Powered by Koha.
Maintained by Abhijit Borpuzari.